<?xml version="1.0" encoding="UTF-8"?>
<record
    xmlns:xsi="http://www.w3.org/2001/XMLSchema-instance"
    xsi:schemaLocation="http://www.loc.gov/MARC21/slim http://www.loc.gov/standards/marcxml/schema/MARC21slim.xsd"
    xmlns="http://www.loc.gov/MARC21/slim">

  <leader>00384    a2200145   4500</leader>
  <controlfield tag="005">20241204170132.0</controlfield>
  <controlfield tag="008">241204b        |||||||| |||| 00| 0 eng d</controlfield>
  <datafield tag="020" ind1=" " ind2=" ">
    <subfield code="a">9789355516473</subfield>
  </datafield>
  <datafield tag="041" ind1=" " ind2=" ">
    <subfield code="a">English</subfield>
  </datafield>
  <datafield tag="100" ind1=" " ind2=" ">
    <subfield code="a">Jain S.</subfield>
  </datafield>
  <datafield tag="245" ind1=" " ind2=" ">
    <subfield code="a">Startup Masterclass</subfield>
    <subfield code="b">: Spark Disruptive Change And Lead The Future With Your Startup</subfield>
  </datafield>
  <datafield tag="260" ind1=" " ind2=" ">
    <subfield code="b">BPB </subfield>
    <subfield code="c">2024</subfield>
  </datafield>
  <datafield tag="300" ind1=" " ind2=" ">
    <subfield code="a">130</subfield>
  </datafield>
  <datafield tag="942" ind1=" " ind2=" ">
    <subfield code="c">BK</subfield>
  </datafield>
  <datafield tag="999" ind1=" " ind2=" ">
    <subfield code="c">362213</subfield>
    <subfield code="d">362213</subfield>
  </datafield>
  <datafield tag="952" ind1=" " ind2=" ">
    <subfield code="0">0</subfield>
    <subfield code="1">0</subfield>
    <subfield code="2">ddc</subfield>
    <subfield code="4">0</subfield>
    <subfield code="7">0</subfield>
    <subfield code="a">CCEP</subfield>
    <subfield code="b">CCEP</subfield>
    <subfield code="d">2024-11-27</subfield>
    <subfield code="e">63</subfield>
    <subfield code="g">373.50</subfield>
    <subfield code="l">0</subfield>
    <subfield code="o">658.4'2 JAI</subfield>
    <subfield code="p">CCEP-BK-67678</subfield>
    <subfield code="r">2024-11-27 00:00:00</subfield>
    <subfield code="v">498.00</subfield>
    <subfield code="w">2024-11-27</subfield>
    <subfield code="y">BK</subfield>
  </datafield>
</record>
